[Event "Grand Pacific op"]
[Site "Victoria CAN"]
[Date "2008.03.22"]
[Round "2"]
[White "Paulson, Stewart"]
[Black "Wright, Ivo"]
[Result "1-0"]
[WhiteElo "1574"]
[BlackElo "1113"]
[PlyCount "93"]
[GameId "2160767910412895"]
[EventDate "2008.03.21"]
[EventType "swiss"]
[EventRounds "6"]
[EventCountry "CAN"]

1. e4 g6 2. f4 Bg7 3. Nf3 d6 4. Nc3 Nf6 5. h3 Nc6 6. Bb5 Bd7 7. Bxc6 Bxc6 8. d3 Qd7 9. O-O O-O 10. Qe1 Rfe8 11. Qh4 a6 12. f5 gxf5 13. Bh6 Qe6 14. Bxg7 Kxg7 15. Ng5 Qc8 16. Rxf5 Rh8 17. Rff1 h6 18. Nf3 Qg8 19. Ne2 Kf8 20. Ng3 Qg6 21. Nf5 e6 22. Ne3 Ke7 23. Rae1 Kd7 24. Nh2 Nh5 25. Nhg4 Raf8 26. Nf6+ Nxf6 27. Rxf6 Qg5 28. Qf2 Rh7 29. Rf3 Qc5 30. Nc4 Qh5 31. Rf4 b6 32. Re3 Qg5 33. Rg3 Qc5 34. Re3 b5 35. Na3 Qb4 36. c3 Qa4 37. e5 Qd1+ 38. Re1 Qxd3 39. exd6 Rg7 40. Rg4 Rfg8 41. dxc7 Rxg4 42. hxg4 Rxg4 43. Qxf7+ Kd6 44. c8=N+ Kd5 45. Qxe6+ Kc5 46. Qe7+ Kd5 47. Qe5# 1-0

[Event "Grand Pacific op"]
[Site "Victoria CAN"]
[Date "2008.03.22"]
[Round "2"]
[White "Raymer, Evan"]
[Black "Moore, Harry"]
[Result "1/2-1/2"]
[WhiteElo "1907"]
[BlackElo "2281"]
[PlyCount "98"]
[GameId "2160767910412896"]
[EventDate "2008.03.21"]
[EventType "swiss"]
[EventRounds "6"]
[EventCountry "CAN"]
[SourceTitle "EXT 2011"]
[Source "ChessBase"]
[SourceDate "2011.11.26"]
[SourceVersion "1"]
[SourceVersionDate "2011.11.26"]
[SourceQuality "1"]

1. e4 Nf6 2. e5 Nd5 3. c4 Nb6 4. c5 Nd5 5. Nc3 Nxc3 6. dxc3 e6 7. Be3 Na6 8. Bxa6 bxa6 9. Nf3 Bb7 10. Bg5 Be7 11. Bxe7 Qxe7 12. b4 O-O 13. O-O f6 14. Qd3 fxe5 15. Nxe5 d6 16. cxd6 cxd6 17. Nc4 Rad8 18. Rad1 Rf5 19. Na5 Ba8 20. Qxa6 Qg5 21. Nc6 Rdf8 22. Rxd6 Rd5 23. Rxd5 exd5 24. Nd4 Qd2 25. Qe6+ Kh8 26. Qe7 Rg8 27. Qxa7 Qxc3 28. b5 h6 29. Ne6 d4 30. Qxd4 Qc8 31. Nf4 Qg4 32. f3 Qf5 33. a4 Rf8 34. Ne2 Qc2 35. Ng3 Qc7 36. b6 Qc6 37. a5 Bb7 38. Re1 Ba6 39. Nh5 Qg6 40. Nf4 Qf5 41. Ne6 Rf6 42. Qd8+ Kh7 43. Qe7 Rf7 44. Qe8 Qxa5 45. Kf2 Qd2+ 46. Kg3 Qxe1+ 47. Kh3 Bc8 48. Qxc8 g5 49. Qc2+ Kh8 1/2-1/2

[Event "Grand Pacific op"]
[Site "Victoria CAN"]
[Date "2008.03.22"]
[Round "2"]
[White "Rhodes, Tim"]
[Black "Ding, Jill"]
[Result "1-0"]
[WhiteElo "1459"]
[BlackElo "943"]
[PlyCount "51"]
[GameId "2160767910412897"]
[EventDate "2008.03.21"]
[EventType "swiss"]
[EventRounds "6"]
[EventCountry "CAN"]

1. e4 e6 2. d4 d5 3. Bd3 Nf6 4. Nc3 c5 5. dxc5 Bxc5 6. Qf3 dxe4 7. Nxe4 Nxe4 8. Bxe4 e5 9. Qc3 Bd4 10. Qg3 Qf6 11. Nf3 Nd7 12. c3 Bb6 13. O-O Nc5 14. Re1 Bc7 15. Bg5 Qe6 16. Rad1 f6 17. Bc1 O-O 18. Bd5 Qxd5 19. Rxd5 b6 20. Rdd1 Bf5 21. Nd2 Bc2 22. Nb3 Bxd1 23. Nxc5 e4 24. Qxc7 Rad8 25. Ne6 Rde8 26. Nxg7 1-0

[Event "Grand Pacific op"]
[Site "Victoria CAN"]
[Date "2008.03.22"]
[Round "2"]
[White "Simpson, Christopher"]
[Black "Herringer, Moise"]
[Result "0-1"]
[WhiteElo "1111"]
[BlackElo "1557"]
[PlyCount "43"]
[GameId "2160767910412898"]
[EventDate "2008.03.21"]
[EventType "swiss"]
[EventRounds "6"]
[EventCountry "CAN"]

1. e4 d6 2. d4 g6 3. Nf3 Bg7 4. Nc3 Nd7 5. Bc4 h6 6. O-O c5 7. Be3 cxd4 8. Nxd4 Ngf6 9. Bxf7+ Kxf7 10. f4 Nc5 11. f5 g5 12. Qf3 Kg8 13. Rad1 Qe8 14. Ndb5 Qc6 15. e5 Qxf3 16. gxf3 Ne8 17. f6 exf6 18. exd6 Nd7 19. Nd5 b6 20. Ne7+ Kh7 21. Nxc8 Rxc8 22. c3 0-1

[Event "Grand Pacific op"]
[Site "Victoria CAN"]
[Date "2008.03.22"]
[Round "2"]
[White "Stewart, Deron"]
[Black "Chiu, Joseph"]
[Result "1-0"]
[WhiteElo "1523"]
[BlackElo "1075"]
[PlyCount "45"]
[GameId "2160767910412899"]
[EventDate "2008.03.21"]
[EventType "swiss"]
[EventRounds "6"]
[EventCountry "CAN"]

1. e4 e5 2. Nf3 d6 3. d4 Nc6 4. c3 Nf6 5. Bg5 Bg4 6. Be2 Be7 7. Bxf6 Bxf6 8. Nbd2 Qe7 9. O-O O-O-O 10. d5 Nb8 11. Qa4 a6 12. b4 Bd7 13. b5 b6 14. Rab1 a5 15. Nc4 Na6 16. Nxa5 Nc5 17. Qa3 Nxe4 18. Nc6 Bxc6 19. bxc6 Kb8 20. Rb5 Nc5 21. Rxc5 dxc5 22. Qa6 Rxd5 23. Qb7# 1-0

[Event "Grand Pacific op"]
[Site "Victoria CAN"]
[Date "2008.03.22"]
[Round "2"]
[White "Tate, William"]
[Black "Enns, Edward"]
[Result "1-0"]
[WhiteElo "1835"]
[BlackElo "1248"]
[PlyCount "67"]
[GameId "2160767910412900"]
[EventDate "2008.03.21"]
[EventType "swiss"]
[EventRounds "6"]
[EventCountry "CAN"]

1. e4 c5 2. Nf3 e6 3. d4 cxd4 4. Nxd4 a6 5. Bd3 Bc5 6. Be3 Qb6 7. Nb3 Bxe3 8. fxe3 Qxe3+ 9. Qe2 Qf4 10. g3 Qe5 11. N1d2 Qxb2 12. O-O Qc3 13. Nc4 Qb4 14. e5 Nh6 15. Nd6+ Kd8 16. Rf4 Qb6+ 17. Kg2 Nc6 18. c4 Ke7 19. c5 Qc7 20. Raf1 Nd8 21. g4 g5 22. Rc4 b5 23. cxb6 Bb7+ 24. Be4 Bxe4+ 25. Qxe4 Qc6 26. Rxc6 Nxc6 27. Nd4 Nb4 28. Nxe6 dxe6 29. Qxb4 Kd7 30. Rf6 a5 31. Qa4+ Ke7 32. Rxh6 Ra6 33. Qc6 Kf8 34. Qe8+ 1-0

[Event "Grand Pacific op"]
[Site "Victoria CAN"]
[Date "2008.03.22"]
[Round "2"]
[White "Tyler, Ron"]
[Black "Doknjas, John"]
[Result "1/2-1/2"]
[WhiteElo "1273"]
[BlackElo "1406"]
[PlyCount "101"]
[GameId "2160767910412901"]
[EventDate "2008.03.21"]
[EventType "swiss"]
[EventRounds "6"]
[EventCountry "CAN"]

1. d4 Nf6 2. Nf3 c5 3. e3 e6 4. c4 cxd4 5. Nxd4 Bc5 6. g3 d5 7. Nd2 dxc4 8. Nxc4 O-O 9. Bg2 Qc7 10. Nb5 Bb4+ 11. Nd2 Qa5 12. Nd4 Rd8 13. O-O Nbd7 14. a3 Be7 15. Qc2 Nf8 16. Nc4 Qc7 17. b4 a6 18. Ra2 h5 19. Na5 Qxc2 20. Rxc2 Nd5 21. Bb2 Bg5 22. Re1 Bf6 23. Nab3 Rb8 24. Nc5 Bxd4 25. Bxd4 b6 26. Na4 Bd7 27. Nb2 b5 28. Nd3 Rbc8 29. Nc5 Be8 30. Rec1 Rc6 31. Nb7 Rdc8 32. Rxc6 Rxc6 33. Rxc6 Bxc6 34. Nc5 Nd7 35. Nxa6 Bb7 36. Nc5 Nxc5 37. Bxc5 Bc6 38. Bd4 f6 39. f4 f5 40. Kf2 Kf7 41. h4 g6 42. Bf3 Ke7 43. e4 Nc7 44. exf5 Bxf3 45. Kxf3 exf5 46. Ke2 Ke6 47. Kd3 Kd5 48. Bb6 Ne8 49. Bc5 Nf6 50. Bf2 Ne4 51. Be1 1/2-1/2

[Event "Grand Pacific op"]
[Site "Victoria CAN"]
[Date "2008.03.22"]
[Round "2.17"]
[White "Huang, Richard"]
[Black "Lai, Peter"]
[Result "1-0"]
[WhiteElo "1977"]
[BlackElo "1610"]
[PlyCount "115"]
[GameId "2160767910412902"]
[EventDate "2008.03.21"]
[EventType "swiss"]
[EventRounds "6"]
[EventCountry "CAN"]

1. Nf3 Nf6 2. c4 c5 3. d4 cxd4 4. Nxd4 Nc6 5. Nc3 g6 6. e4 Bg7 7. Be3 d6 8. Be2 Bd7 9. O-O O-O 10. Qd2 Rc8 11. Nxc6 Bxc6 12. f3 a6 13. Rfd1 Qc7 14. Rac1 Qd8 15. Bf1 Re8 16. Ne2 b6 17. Nd4 Bb7 18. Nb3 Nd7 19. Bd4 Ne5 20. Kh1 Rf8 21. Qe3 Nd7 22. Bxg7 Kxg7 23. Nd4 Ne5 24. Be2 Nc6 25. Nxc6 Rxc6 26. f4 Rc8 27. e5 Qc7 28. exd6 exd6 29. Qd4+ Kg8 30. Qxd6 Qxd6 31. Rxd6 Rfe8 32. Bf1 b5 33. c5 Rc6 34. Kg1 Rec8 35. Rxc6 Bxc6 36. Kf2 Kg7 37. Be2 Kf6 38. b4 Rd8 39. Rd1 Rxd1 40. Bxd1 Bb7 41. Bf3 Bc8 42. Ke3 Ke6 43. Bg4+ f5 44. Bf3 Ke7 45. Kd4 Ke6 46. Bd5+ Kd7 47. Ke5 Ke7 48. c6 h6 49. h4 h5 50. g3 a5 51. bxa5 Ba6 52. Be6 Kd8 53. Kd6 b4 54. c7+ Ke8 55. Bd7+ Kf8 56. c8=Q+ Bxc8 57. Bxc8 Kf7 58. a6 1-0

[Event "Grand Pacific op"]
[Site "Victoria CAN"]
[Date "2008.03.22"]
[Round "2.25"]
[White "Datcu-Romano, Anca"]
[Black "Jung-Doknjas, Victoria"]
[Result "1-0"]
[WhiteElo "1815"]
[BlackElo "1450"]
[PlyCount "82"]
[GameId "2160767910412904"]
[EventDate "2008.03.21"]
[EventType "swiss"]
[EventRounds "6"]
[EventCountry "CAN"]

1. e4 e6 2. d4 d5 3. e5 c5 4. c3 Nc6 5. Nf3 Qb6 6. Bd3 cxd4 7. cxd4 Bd7 8. Bc2 Nb4 9. Nc3 Nxc2+ 10. Qxc2 Rc8 11. O-O Bb4 12. Bd2 Ne7 13. a3 Bxc3 14. Bxc3 Ng6 15. Qd2 O-O 16. Ba5 Qb3 17. Rac1 Rxc1 18. Rxc1 Rc8 19. Bc3 h6 20. Ne1 Nh4 21. Nd3 b6 22. Nf4 Nf5 23. Nh5 Qc4 24. g4 Nxd4 25. Qxd4 Qxd4 26. Bxd4 Rxc1+ 27. Kg2 Rc4 28. Be3 Rxg4+ 29. Kf3 Ra4 30. Ng3 d4 31. Bd2 Bc6+ 32. Ke2 Ra5 33. Bxa5 bxa5 34. Kd3 f6 35. Kxd4 a6 36. f4 Kf7 37. Kc5 Bb5 38. Ne4 Kg6 39. Nd6 Bd7 40. Kb6 fxe5 41. a4 Kf6 1-0

[Event "Grand Pacific op"]
[Site "Victoria CAN"]
[Date "2008.03.22"]
[Round "3"]
[White "Bragg, David"]
[Black "Huang, Richard"]
[Result "1-0"]
[WhiteElo "2226"]
[BlackElo "1856"]
[PlyCount "83"]
[GameId "2160767910412905"]
[EventDate "2008.03.21"]
[EventType "swiss"]
[EventRounds "6"]
[EventCountry "CAN"]
[SourceTitle "EXT 2011"]
[Source "ChessBase"]
[SourceDate "2011.11.26"]
[SourceVersion "1"]
[SourceVersionDate "2011.11.26"]
[SourceQuality "1"]

1. d4 d5 2. Nc3 Nf6 3. Bg5 Bf5 4. f3 Nbd7 5. Nxd5 Nxd5 6. e4 h6 7. Bh4 Ne3 8. Qd3 Nxf1 9. exf5 Nxh2 10. O-O-O Nb6 11. Rxh2 Qd6 12. Rh3 O-O-O 13. Ne2 Nd5 14. g4 Nf4 15. Nxf4 Qxf4+ 16. Kb1 Qd6 17. Qc4 Qd5 18. Qa4 a6 19. c4 Qd7 20. Qc2 Rg8 21. Rh2 g5 22. fxg6 fxg6 23. Re2 g5 24. Bg3 Qc6 25. d5 Qg6 26. Re6 Qxc2+ 27. Kxc2 b6 28. a4 Kb7 29. a5 Rh8 30. Rd3 bxa5 31. Rc6 Rd6 32. Rb3+ Kc8 33. Bxd6 exd6 34. Rxa6 Kd7 35. Ra8 Bg7 36. Rxh8 Bxh8 37. Rb5 a4 38. Rb8 Bf6 39. Rg8 c6 40. Rg6 Be5 41. Rxh6 c5 42. Rh7+ 1-0

[Event "Grand Pacific op"]
[Site "Victoria CAN"]
[Date "2008.03.22"]
[Round "3"]
[White "Cheng, Bindi"]
[Black "Kristjansson, Olafur"]
[Result "1-0"]
[WhiteElo "2352"]
[BlackElo "2192"]
[PlyCount "85"]
[GameId "2160767910412906"]
[EventDate "2008.03.21"]
[EventType "swiss"]
[EventRounds "6"]
[EventCountry "CAN"]
[SourceTitle "EXT 2011"]
[Source "ChessBase"]
[SourceDate "2011.11.26"]
[SourceVersion "1"]
[SourceVersionDate "2011.11.26"]
[SourceQuality "1"]

1. Nf3 Nf6 2. d4 g6 3. Bg5 Ne4 4. Bf4 d5 5. Nbd2 Nf6 6. h3 Bg7 7. e3 O-O 8. Be2 c5 9. c3 Nc6 10. O-O Nd7 11. Nb3 c4 12. Nbd2 e5 13. dxe5 Ndxe5 14. Nxe5 Nxe5 15. Nf3 Nxf3+ 16. Bxf3 Be6 17. Rc1 Qa5 18. a3 Rfd8 19. Rc2 Qc5 20. Rd2 Rac8 21. Qa4 a5 22. Rfd1 Bd7 23. Qc2 Be6 24. Qc1 Rd7 25. a4 Bf6 26. e4 d4 27. e5 Bxe5 28. Bxe5 Qxe5 29. Rxd4 Rxd4 30. cxd4 Qc7 31. Qg5 Bd7 32. Re1 Re8 33. Rxe8+ Bxe8 34. Qf6 Bxa4 35. d5 Qd7 36. g4 Bb3 37. d6 Ba4 38. Kh2 b6 39. h4 h6 40. Bd5 Kh7 41. Kg3 Bd1 42. f3 Be2 43. Qe7 1-0

[Event "Grand Pacific op"]
[Site "Victoria CAN"]
[Date "2008.03.22"]
[Round "3"]
[White "Jensen, Jacob"]
[Black "Escandor, Manuel Omana"]
[Result "1/2-1/2"]
[WhiteElo "1370"]
[BlackElo "1809"]
[PlyCount "103"]
[GameId "2160767910412908"]
[EventDate "2008.03.21"]
[EventType "swiss"]
[EventRounds "6"]
[EventCountry "CAN"]
[SourceTitle "EXT 2011"]
[Source "ChessBase"]
[SourceDate "2011.11.26"]
[SourceVersion "1"]
[SourceVersionDate "2011.11.26"]
[SourceQuality "1"]

1. c4 e5 2. Nc3 c5 3. g3 Nf6 4. Bg2 Be7 5. Nf3 Nc6 6. O-O O-O 7. d3 d6 8. Be3 Rb8 9. a3 h6 10. Qa4 Bd7 11. Qc2 Qc8 12. Rfb1 a5 13. Na2 d5 14. cxd5 Nxd5 15. Bxc5 Nd4 16. Nxd4 Bxc5 17. Bxd5 Bxd4 18. Qxc8 Rfxc8 19. e3 Ba7 20. Rc1 Bc6 21. Bxc6 bxc6 22. b4 c5 23. bxa5 Rb5 24. Nc3 Rxa5 25. Ne4 Rd8 26. Rc3 f5 27. Nd2 e4 28. Nb3 Rb5 29. dxe4 fxe4 30. a4 Rb4 31. Nxc5 Rd2 32. Ne6 Rbb2 33. Rc7 Bxe3 34. fxe3 Rg2+ 35. Kf1 Rbf2+ 36. Ke1 Re2+ 37. Kd1 Rd2+ 38. Kc1 Rdf2 39. Rxg7+ Kh8 40. Rd7 Rf1+ 41. Rd1 Rxd1+ 42. Kxd1 Rg1+ 43. Kc2 Rxa1 44. Kb3 Re1 45. a5 Rxe3+ 46. Kb4 Rd3 47. a6 Rd1 48. Kb5 e3 49. Nf4 Ra1 50. Kb6 Rb1+ 51. Ka5 Ra1+ 52. Kb6 1/2-1/2

[Event "Grand Pacific op"]
[Site "Victoria CAN"]
[Date "2008.03.22"]
[Round "3"]
[White "Murray, Mike"]
[Black "Davies, Lucas"]
[Result "0-1"]
[WhiteElo "1918"]
[BlackElo "2230"]
[PlyCount "117"]
[GameId "2160767910412910"]
[EventDate "2008.03.21"]
[EventType "swiss"]
[EventRounds "6"]
[EventCountry "CAN"]
[SourceTitle "EXT 2011"]
[Source "ChessBase"]
[SourceDate "2011.11.26"]
[SourceVersion "1"]
[SourceVersionDate "2011.11.26"]
[SourceQuality "1"]

1. Nc3 d5 2. e4 c6 3. d3 g6 4. f4 Bg7 5. Nf3 Bg4 6. h3 Bxf3 7. Qxf3 e6 8. Be2 Qb6 9. Nd1 Ne7 10. Be3 Qc7 11. O-O Nd7 12. c3 h5 13. Bf2 Bh6 14. Bh4 f5 15. Bg5 fxe4 16. dxe4 Bxg5 17. fxg5 O-O-O 18. Qe3 Qb6 19. Rf2 Rde8 20. Qxb6 axb6 21. Ne3 Ne5 22. Rf6 Kd7 23. Raf1 Ra8 24. a3 Kd6 25. Rd1 Rhf8 26. c4 Rxf6 27. gxf6 Ng8 28. f7 Ne7 29. cxd5 cxd5 30. exd5 exd5 31. Bc4 Nxc4 32. Nxc4+ Ke6 33. Nxb6 Rf8 34. Re1+ Kxf7 35. Rf1+ Kg8 36. Rxf8+ Kxf8 37. Kf2 Kf7 38. g4 Ke6 39. b4 hxg4 40. hxg4 g5 41. Na4 Kd6 42. Nc5 b6 43. Nd3 Nc6 44. Ke3 b5 45. Ne1 Ne5 46. Kd4 Nc6+ 47. Kd3 Ke5 48. Ke3 d4+ 49. Kf3 Kd5 50. Nd3 Ne5+ 51. Nxe5 Kxe5 52. Ke2 Ke4 53. Kd2 d3 54. a4 bxa4 55. b5 Kd5 56. b6 Kc6 57. b7 Kxb7 58. Kxd3 Kc6 59. Kc4 0-1

[Event "Grand Pacific op"]
[Site "Victoria CAN"]
[Date "2008.03.22"]
[Round "3"]
[White "Parker, Dylan"]
[Black "Forman, Ken"]
[Result "0-1"]
[WhiteElo "1466"]
[BlackElo "1810"]
[PlyCount "50"]
[GameId "2160767910412911"]
[EventDate "2008.03.21"]
[EventType "swiss"]
[EventRounds "6"]
[EventCountry "CAN"]
[SourceTitle "EXT 2011"]
[Source "ChessBase"]
[SourceDate "2011.11.26"]
[SourceVersion "1"]
[SourceVersionDate "2011.11.26"]
[SourceQuality "1"]

1. e4 c5 2. Nf3 d6 3. d4 cxd4 4. Nxd4 Nf6 5. Nc3 a6 6. Bg5 e6 7. f4 Be7 8. Be2 b5 9. a3 Bb7 10. Bf3 Qc7 11. Qd2 Nbd7 12. O-O-O O-O 13. Rhe1 Nb6 14. Qf2 Rac8 15. e5 Nfd5 16. Bxe7 Qxe7 17. Nde2 dxe5 18. fxe5 Qc7 19. Qg3 b4 20. axb4 Nxb4 21. Nf4 Na2+ 22. Kb1 Nxc3+ 23. bxc3 Nc4 24. Nd3 Na3+ 25. Kc1 Qxc3 0-1

[Event "Grand Pacific op"]
[Site "Victoria CAN"]
[Date "2008.03.22"]
[Round "3"]
[White "Patterson, Roger"]
[Black "Daswani, Benedict"]
[Result "1/2-1/2"]
[WhiteElo "2254"]
[BlackElo "2078"]
[PlyCount "38"]
[GameId "2160767910412912"]
[EventDate "2008.03.21"]
[EventType "swiss"]
[EventRounds "6"]
[EventCountry "CAN"]

1. e4 g6 2. d4 d6 3. Nc3 Nf6 4. f4 Bg7 5. Nf3 c5 6. dxc5 Qa5 7. Bd3 Qxc5 8. Qe2 Nc6 9. Be3 Qb4 10. O-O O-O 11. a3 Qa5 12. Kh1 Ng4 13. Bd2 Qh5 14. h3 Kh8 15. Rae1 Nd4 16. Nxd4 Bxd4 17. Bc1 Qh4 18. Qf3 Nf2+ 19. Kh2 Ng4+ 1/2-1/2

[Event "Grand Pacific op"]
[Site "Victoria CAN"]
[Date "2008.03.22"]
[Round "3"]
[White "Wu, Howard"]
[Black "Trochtchanovitch, Pavel"]
[Result "1-0"]
[WhiteElo "2257"]
[BlackElo "2010"]
[PlyCount "101"]
[GameId "2160767910412913"]
[EventDate "2008.03.21"]
[EventType "swiss"]
[EventRounds "6"]
[EventCountry "CAN"]
[SourceTitle "EXT 2011"]
[Source "ChessBase"]
[SourceDate "2011.11.26"]
[SourceVersion "1"]
[SourceVersionDate "2011.11.26"]
[SourceQuality "1"]

1. Nf3 Nf6 2. d4 d5 3. g3 Bf5 4. Bg2 e6 5. O-O h6 6. c4 c6 7. Nc3 Bd6 8. b3 O-O 9. Bb2 Nbd7 10. cxd5 exd5 11. Rc1 Re8 12. Nh4 Bh7 13. Bh3 Bf8 14. f3 Bb4 15. a3 Bf8 16. Re1 Nb6 17. Qd2 a5 18. Bf5 a4 19. Bxh7+ Kxh7 20. Nxa4 Nxa4 21. bxa4 Qa5 22. Qf4 Qxa4 23. Nf5 Re6 24. e4 Qb3 25. Rb1 g5 26. Qc7 Kg6 27. Ba1 Qxa3 28. Rxb7 Nd7 29. Qxd7 Rf6 30. Rf1 Qd3 31. Rb6 dxe4 32. Rxc6 Ra6 33. Rxa6 Rxa6 34. fxe4 Rf6 35. Qe8 Qa3 36. g4 h5 37. gxh5+ Kxh5 38. Ng3+ Kg6 39. Rxf6+ Kxf6 40. Qc6+ Kg7 41. Nf5+ Kh7 42. Qc3 Qa4 43. Ng3 Qd1+ 44. Kg2 g4 45. d5 Kg6 46. Qf6+ Kh7 47. Qh8+ Kg6 48. Qg8+ Kh6 49. Qxf8+ Kg5 50. Qg7+ Kf4 51. Qh6# 1-0

[Event "Grand Pacific op"]
[Site "Victoria CAN"]
[Date "2008.03.22"]
[Round "3.7"]
[White "Cheng, Jack"]
[Black "Davies, Noam"]
[Result "0-1"]
[WhiteElo "1885"]
[BlackElo "2209"]
[PlyCount "76"]
[GameId "2160767910412914"]
[EventDate "2008.03.21"]
[EventType "swiss"]
[EventRounds "6"]
[EventCountry "CAN"]

1. e4 c5 2. Nf3 e6 3. d4 cxd4 4. Nxd4 a6 5. Be2 Nf6 6. O-O Qc7 7. Nc3 Bb4 8. Bg5 Bxc3 9. Bxf6 gxf6 10. bxc3 Qxc3 11. Rb1 b5 12. Rb3 Qc7 13. Rg3 Bb7 14. Qd3 Nc6 15. Nxc6 Qxc6 16. Bf3 Qc4 17. Qxc4 bxc4 18. Rd1 Ke7 19. e5 Bxf3 20. exf6+ Kxf6 21. Rxf3+ Ke7 22. Rc3 d5 23. f4 Rab8 24. Kf2 Rhd8 25. Ke3 f6 26. Ra3 Rb6 27. Ra5 Ra8 28. Rc5 Rd8 29. a4 Rb2 30. Rd2 Ra2 31. Ra5 Rd6 32. Kd4 Rc6 33. Re2 Kd6 34. g4 Ra1 35. h3 Rh1 36. g5 fxg5 37. fxg5 Rxh3 38. Re1 e5+ 0-1

[Event "Grand Pacific op"]
[Site "Victoria CAN"]
[Date "2008.03.22"]
[Round "3.8"]
[White "Tom, Foster"]
[Black "Moore, Harry"]
[Result "0-1"]
[WhiteElo "1700"]
[BlackElo "2288"]
[PlyCount "72"]
[GameId "2160767910412915"]
[EventDate "2008.03.21"]
[EventType "swiss"]
[EventRounds "6"]
[EventCountry "CAN"]

1. d4 Nf6 2. c4 e6 3. Nc3 Bb4 4. Qc2 b5 5. cxb5 a6 6. bxa6 Bxa6 7. g3 Bb7 8. Nf3 Nc6 9. Bg2 Nxd4 10. Qd3 c5 11. O-O Ba6 12. Qd1 Bxc3 13. Nxd4 Bxd4 14. Bxa8 Qxa8 15. Qc2 Qe4 16. Qxe4 Nxe4 17. e3 Bxf1 18. Kxf1 Bf6 19. f3 Nd6 20. Rb1 O-O 21. Bd2 Nc4 22. Bc1 Ra8 23. b3 Na3 24. Bxa3 Rxa3 25. Rd1 Rxa2 26. Rxd7 g5 27. Rc7 Rc2 28. b4 c4 29. b5 c3 30. b6 Rb2 31. b7 Kg7 32. Ke1 Bd8 33. Rc5 Rxb7 34. Ke2 Rb2+ 35. Kd3 Bf6 36. e4 Rd2+ 0-1

[Event "Grand Pacific op"]
[Site "Victoria CAN"]
[Date "2008.03.22"]
[Round "3.9"]
[White "Daniluk, Jim"]
[Black "Jones, Cliff"]
[Result "1-0"]
[WhiteElo "2053"]
[BlackElo "1715"]
[PlyCount "83"]
[GameId "2160767910412916"]
[EventDate "2008.03.21"]
[EventType "swiss"]
[EventRounds "6"]
[EventCountry "CAN"]

1. d4 d5 2. e3 e6 3. Bd3 c6 4. Nd2 Bd6 5. f4 Qe7 6. Ngf3 f5 7. Ne5 Nf6 8. O-O O-O 9. h3 b6 10. g4 Ne4 11. Ndf3 Bb7 12. Qe1 Nd7 13. Kh2 c5 14. c3 cxd4 15. exd4 Bxe5 16. fxe5 f4 17. h4 h6 18. g5 Rf5 19. Rg1 hxg5 20. hxg5 Nxg5 21. Rxg5 Rxg5 22. Qh4 Rg2+ 23. Kxg2 Qxh4 24. Nxh4 g5 25. Nf3 g4 26. Nh2 Nxe5 27. dxe5 d4+ 28. Kg1 g3 29. Bxf4 gxh2+ 30. Kxh2 dxc3 31. Rg1+ Kf7 32. Bg6+ Ke7 33. Bg5+ Kd7 34. Bc1 Rh8+ 35. Kg3 cxb2 36. Bxb2 Rh1 37. Rxh1 Bxh1 38. Kf4 b5 39. a3 a5 40. Bd3 b4 41. axb4 axb4 42. Bb5+ 1-0

[Event "Grand Pacific op"]
[Site "Victoria CAN"]
[Date "2008.03.22"]
[Round "3.10"]
[White "Jarquin, Charlie"]
[Black "Pitre, Hanniegn"]
[Result "1-0"]
[WhiteElo "1839"]
[BlackElo "2041"]
[PlyCount "105"]
[GameId "2160767910412917"]
[EventDate "2008.03.21"]
[EventType "swiss"]
[EventRounds "6"]
[EventCountry "CAN"]

1. e4 d5 2. exd5 Nf6 3. d4 Bg4 4. Nf3 Qxd5 5. Nc3 Qd7 6. Bc4 e6 7. Be3 Bd6 8. Qe2 O-O 9. h3 Bh5 10. g4 Bg6 11. Ne5 Bxe5 12. dxe5 Qc6 13. O-O-O Ne4 14. Nxe4 Bxe4 15. Bb5 Bxh1 16. Bxc6 Bxc6 17. Bc5 Re8 18. f4 Nd7 19. Ba3 b5 20. h4 a5 21. b3 a4 22. Bb2 axb3 23. axb3 Nb6 24. f5 Nd5 25. f6 Red8 26. Qd2 h6 27. c4 bxc4 28. bxc4 Nxf6 29. Qxd8+ Rxd8 30. Rxd8+ Ne8 31. Bc3 Kh7 32. Kd2 Kg6 33. Ke3 f5 34. Kf4 fxg4 35. Kxg4 h5+ 36. Kf4 Kf7 37. Bb4 Ba4 38. Ra8 Bb3 39. c5 Bd5 40. Ra7 Ke7 41. Kg5 Kd7 42. Kxh5 Bf3+ 43. Kg6 Be4+ 44. Kf7 Bf3 45. Ra6 Bh5+ 46. Kf8 Bf3 47. c6+ Bxc6 48. Rxc6 Kxc6 49. Kxe8 Kd5 50. Bc3 Ke4 51. Kf7 Kf4 52. Kxg7 Kg4 53. Kf7 1-0

[Event "Grand Pacific op"]
[Site "Victoria CAN"]
[Date "2008.03.22"]
[Round "3.11"]
[White "Leblanc, Paul"]
[Black "Smith, Catherine"]
[Result "1-0"]
[WhiteElo "1947"]
[BlackElo "1686"]
[PlyCount "71"]
[GameId "2160767910412918"]
[EventDate "2008.03.21"]
[EventType "swiss"]
[EventRounds "6"]
[EventCountry "CAN"]

1. d4 d5 2. g3 e6 3. Bg2 Nf6 4. Nf3 Nc6 5. O-O Bd6 6. c4 dxc4 7. Nbd2 Bd7 8. Nxc4 h6 9. a3 O-O 10. Re1 Re8 11. e4 Bf8 12. b4 a6 13. Bb2 b5 14. Nce5 Nh7 15. Qc2 Nxe5 16. Nxe5 a5 17. Nxd7 Qxd7 18. e5 Ra6 19. bxa5 f6 20. Rac1 c5 21. dxc5 Rxa5 22. c6 Qc7 23. Qb3 f5 24. Red1 Re7 25. Bc3 Ra8 26. Bb4 Rf7 27. Qxe6 Ng5 28. Qd5 Bxb4 29. axb4 Kh7 30. e6 Rff8 31. h4 Rad8 32. Qxb5 Rxd1+ 33. Rxd1 Nxe6 34. Rd7 Qc8 35. Qe5 Qe8 36. Bd5 1-0

[Event "Grand Pacific op"]
[Site "Victoria CAN"]
[Date "2008.03.22"]
[Round "3.12"]
[White "Friesen, Yascha"]
[Black "Li, Changhe"]
[Result "0-1"]
[WhiteElo "1739"]
[BlackElo "1932"]
[PlyCount "78"]
[GameId "2160767910412919"]
[EventDate "2008.03.21"]
[EventType "swiss"]
[EventRounds "6"]
[EventCountry "CAN"]

1. e4 c5 2. Nf3 e6 3. d4 cxd4 4. Nxd4 a6 5. Nc3 Qc7 6. g3 Nf6 7. Bg2 Be7 8. O-O O-O 9. Be3 Nc6 10. f4 d6 11. Qe2 Bd7 12. Rad1 Rac8 13. Nf3 b5 14. a3 Na5 15. e5 Ng4 16. exd6 Bxd6 17. Ne4 Be7 18. Bc1 Qa7+ 19. Kh1 Bc6 20. Nd4 Bxe4 21. Bxe4 Nf6 22. Bg2 Bc5 23. c3 Nc4 24. a4 Qb6 25. b3 Bxd4 26. Rxd4 Nd6 27. a5 Qb8 28. Ba3 Nf5 29. Rd3 Rfd8 30. Rfd1 Qc7 31. Qd2 Rxd3 32. Qxd3 h6 33. Bb4 Ng4 34. Rd2 Qa7 35. Qe2 Nge3 36. Be4 Qc7 37. Qf3 Rd8 38. Rxd8+ Qxd8 39. Kg1 Qd2 0-1

[Event "Grand Pacific op"]
[Site "Victoria CAN"]
[Date "2008.03.22"]
[Round "3.13"]
[White "Renaud, Joshua"]
[Black "Day, Lawrence"]
[Result "1/2-1/2"]
[WhiteElo "1452"]
[BlackElo "2312"]
[PlyCount "64"]
[GameId "2160767910412920"]
[EventDate "2008.03.21"]
[EventType "swiss"]
[EventRounds "6"]
[EventCountry "CAN"]

1. e4 g6 2. d4 Bg7 3. Nc3 c5 4. Be3 cxd4 5. Bxd4 f6 6. Bc4 Nc6 7. Nf3 Nh6 8. O-O Nxd4 9. Qxd4 d6 10. Rad1 Nf7 11. Qd5 e6 12. Qb5+ Qd7 13. Qb3 O-O 14. Nd4 Nd8 15. Ncb5 Qe7 16. Nxd6 Bd7 17. N4f5 gxf5 18. Nxf5 Qf7 19. Qg3 Kh8 20. Qxg7+ Qxg7 21. Nxg7 Rf7 22. Nh5 b5 23. Bb3 a5 24. a3 Ra7 25. Rd2 Nc6 26. f4 Rf8 27. Rfd1 Be8 28. Ng3 e5 29. f5 a4 30. Bd5 Na5 31. b4 axb3 32. cxb3 Rc7 1/2-1/2